| 000 | 00470nam a22001577a 4500 | ||
|---|---|---|---|
| 999 |
_c41297 _d41297 |
||
| 003 | OSt | ||
| 005 | 20210415112531.0 | ||
| 008 | 210415b ||||| |||| 00| 0 eng d | ||
| 040 | _coclc | ||
| 082 |
_a248 _bHUS/C |
||
| 100 |
_98590 _aHussain, E M Sakkeer |
||
| 245 |
_aChraisthavathayude Varthamanam/ _cE M Sakkeer Hussain |
||
| 260 |
_aCalicut: _bDialogue Centre Kerala, _c2011 |
||
| 300 | _a116 pages | ||
| 942 |
_2ddc _cBK _h248 _iHUS/C _k248 _mHUS/C |
||